000 02606nam0a2200421 i 4500
001 RU\NLR\BIBL_A\011295236
005 20260407150430.0
010 _a9785767934225
_9500
021 _aRU
_b2016-92450
_96108
035 _a(NLR Aleph) 011295236
090 _a10945650
_c10945649
100 _a20161219d2016 k y0rusy50 ca
101 0 _arus
102 _aRU
105 _aa z 000zy
200 1 _aСопряженные поля в упругих, пластических, сыпучих средах и металлических труднодеформируемых системах
_e[монография
_fЭ.С. Макаров, В.Э. Ульченкова, А.Е. Гвоздев и др.
_gпод ред. проф. А.Е. Гвоздева]
_gМ-во образования и науки Рос. Федерации, ФГБОУ ВПО "Тул. гос. пед. ун-т им. Л.Н. Толстого" [и др.]
210 _aТула
_cИзд-во ТулГУ
_d2016
215 _a525 с.
_cил.
_d20
300 _aАвт. указаны на обл.
300 _aВ надзаг. также: Ин-т металлургии и материаловедения им. А.А. Байкова РАН, Акад. проблем качества Рос. Федерации
320 _aБиблиогр.: с. 487-520 (466 назв.)
606 1 _aБыстрорежущие стали
_xСверхпластичность
_92407825
_3RU\NLR\AUTH\6601654137
606 1 _aТвёрдые тела
_xУпругие свойства
_xВлияние агрессивных сред
_92407831
_3RU\NLR\AUTH\6601654140
606 1 _aДеформируемые тела
_xУпругость
_92407829
_3RU\NLR\AUTH\6601654139
606 1 _aМеталлические порошки
_xПрессование
_91312779
_3RU\NLR\AUTH\66228244
686 1 _aК222.234.366.606.23
686 1 _aВ251.1
686 1 _aК390.4
701 1 _8rus
_7ca
_aМакаров
_bЭ. С.
_cд-р техн. наук
_gЭдуард Сергеевич
_3RU\NLR\AUTH\7737983
_920970
701 1 _aУльченкова
_bВ. Э.
_gВера Эдуардовна
701 1 _aГвоздев
_bА. Е.
_gАлександр Евгеньевич
702 1 _aГвоздев
_bА. Е.
_gАлександр Евгеньевич
_4340
712 0 2 _4570
_aТульский государственный педагогический университет им. Л. Н. Толстого
_3RU\NLR\AUTH\8810024887
_9548005
942 _cBOOK
980 _aNBR